000 00770nam a22001817a 4500
005 20230620151631.0
008 230615b ||||| |||| 00| 0 eng d
020 _a9781841742212
050 _aKD1500.B67(2e)
100 _aBorkowski, Andrew.
_91763
245 _aTextbook on succession /
_cAndrew Borkowski.
250 _a2nd ed.
260 _aOxford:
_bOxford University Press,
_c2012.
300 _axxxiv, 393p.:
_c23 cm.
500 _aIncludes index
505 _aContents: Intestacy -- Wills: Nature, characteristics and contents -- Making a will: capacity and intention -- Making a will: formalities -- Revocation -- Construction of wills -- Entitlement -- Family provision and testamentary freedom -- Alternative succession -- Administration.
942 _2lcc
_cBK
999 _c9696
_d17196